| 000 | 01094cam a22003374a 4500 | ||
|---|---|---|---|
| 001 | 16209622 | ||
| 005 | 20221117152533.0 | ||
| 008 | 100429s2010 enk b 001 0 eng | ||
| 010 | _a 2010285425 | ||
| 015 |
_aGBA966630 _2bnb |
||
| 016 | 7 |
_a015307021 _2Uk |
|
| 020 | _a9780199228225 (hbk.) | ||
| 020 | _a0199228221 (hbk.) | ||
| 035 | _a(OCoLC)ocn423583036 | ||
| 040 |
_aUKM _cUKM _dBWK _dC#P _dDLC |
||
| 042 | _alccopycat | ||
| 050 | 0 | 0 |
_aK3850 _b.G47 2010 |
| 082 | 0 | 4 |
_a343.0721 _bGER |
| 100 | 1 |
_aGerber, David J. _9102935 |
|
| 245 | 1 | 0 |
_aGlobal competition : _blaw, markets, and globalization / _cDavid J. Gerber. |
| 260 |
_aOxford ; _aNew York : _bOxford University Press, _c2012. |
||
| 300 |
_axx, 394 p. ; _c24 cm. |
||
| 504 | _aIncludes bibliographical references and index. | ||
| 650 | 0 |
_aRestraint of trade. _9102936 |
|
| 650 | 0 |
_aAntitrust law. _999789 |
|
| 650 | 0 |
_aAntitrust law (International law) _9102937 |
|
| 650 | 0 |
_aExterritoriality. _9102938 |
|
| 906 |
_a7 _bcbc _ccopycat _d2 _encip _f20 _gy-gencatlg |
||
| 942 |
_2ddc _cBK |
||
| 999 |
_c592372 _d592372 |
||